Čo znamená žiť nezávisle a byť začlenený do komunity komentár k článku 19: Dohovoru o právach osôb so zdravotným postihnutím

Bibliographic Details
Corporate Author: Dohovor o právach osôb so zdravotným postihnutím
Other Authors: Cangárová, Lucia (Translator, Illustrator), Holúbková, Soňa, 1953- (Compiler), Machajdíková, Mária (Compiler)
Format: Book
Language:Slovak
PhysicalDescription:14 strán ilustrácie 30 cm
Published: [Bratislava] [SOCIA - Nadácia na podporu sociálnych zmien] [2018]
ISBN:9788089851126
Subjects:

MARC

LEADER 00000nam a2200000 4500
001 vtls011887913
003 SK-MaSNL
005 20260302092723.0
008 200228s2018 xo a g 000 0 slo
015 |a SNBA2019/09 
020 |a 9788089851126  |q (brožované) 
035 |a urn:nbn:sk:snk-am00derd 
035 |a urn:nbn:sk:snk-am3hzqw 
035 |a 3F0FC33E-6B23-493B-B1DD-28F1EA2CB89D 
040 |a SNK  |b slo  |c SNK  |e rda 
041 0 |a slo 
044 |a xo  |c SK 
072 7 |a 342  |x Ústavné právo. Správne právo  |2 konspekt 
072 7 |a 316.3  |x Globálne spoločnosti. Sociálna štruktúra. Sociálne skupiny  |2 konspekt 
080 |a 316.344.6-056.26/.3  |2 2011 
080 |a 364-22-021.464  |2 2011 
080 |a 316.4.063.3  |2 2011 
080 |a 342.72/.73  |2 2011 
080 |a 341.24  |2 2011 
080 |a (094)  |2 2011 
080 |a (0.072)  |2 2011 
245 0 0 |a Čo znamená žiť nezávisle a byť začlenený do komunity  |b komentár k článku 19: Dohovoru o právach osôb so zdravotným postihnutím  |c preklad článku 19 Dohovoru o právach osôb so zdravotným postihnutím: Lucia Cangárová ; zostavili: Soňa Holúbková a Mária Machajdíková ; ilustrácie: Lucia Cangárová 
246 3 0 |a Komentár k článku 19: Dohovoru o právach osôb so zdravotným postihnutím 
264 1 |a [Bratislava]  |b [SOCIA - Nadácia na podporu sociálnych zmien]  |c [2018] 
300 |a 14 strán  |b ilustrácie  |c 30 cm 
336 |a text  |b txt  |2 rdacontent 
337 |a bez média  |b n  |2 rdamedia 
338 |a zväzok  |b nc  |2 rdacarrier 
500 |a Vydavateľské údaje podľa NA ISBN 
500 |a Názov z obálky 
650 0 7 |a zdravotne postihnuté osoby  |2 SNKPH  |9 1249 
650 0 7 |a sociálna inklúzia  |2 SNKPH  |9 4909 
650 0 7 |a sebestačnosť  |2 SNKPH  |9 59128 
650 0 7 |a Handicapped persons  |2 SNKPHeng  |9 268369 
650 0 7 |a Civil rights  |2 SNKPHeng  |9 265690 
650 0 7 |a International treaties  |2 SNKPHeng  |9 286816 
650 0 7 |a občianske práva  |2 SNKPH  |9 2254 
650 0 7 |a medzinárodné zmluvy  |2 SNKPH  |9 67291 
650 0 7 |a Self-sufficiency  |2 SNKPHeng  |9 510354 
650 0 7 |a Social inclusion  |2 SNKPHeng  |9 302858 
655 7 |a komentáre  |2 SNKPH  |9 70412 
655 7 |a dokumenty  |2 SNKPH  |9 70482 
655 7 |a Documents  |2 SNKPHeng  |9 277725 
655 7 |a Commentaries  |2 SNKPHeng  |9 275605 
700 1 |a Cangárová, Lucia  |4 trl  |4 ill  |9 268633 
700 1 |a Holúbková, Soňa,  |d 1953-  |4 com  |9 13687 
700 1 |a Machajdíková, Mária  |4 com  |9 24515 
710 2 |a Dohovor o právach osôb so zdravotným postihnutím  |d (2006 december 13.)  |9 762757 
919 |a 978-80-89851-12-6 
999 |c 1205913  |d 1207843 
952 |a SNK  |b SNK  |y PREZ  |7 0  |p 17A1376994  |o snkSB 94558  |i snk2019/23245  |8 0  |0 0  |1 0  |4 0  |d 2019-09-18  |f 1  |l 0  |r 2025-05-14 00:00:00  |w 2026-02-24 
952 |a SNK  |b SNK  |y VYP  |7 0  |p 17A1391748  |o snkSB 94558 D1  |i snk2019/27489  |8 0  |0 0  |1 0  |4 0  |d 2019-10-28  |l 0  |r 2026-02-24 22:56:42  |w 2026-02-24